000
00213nam a2200109Ia 4500
100
_a
#N/A
942
_c
BK
654
_a
splinter cell
245
_a
spinter cell ;Chaos Theory
260
_b
#N/A
546
_a
ENGLISH
999
_c
35701
_d
35701